Mixed Word: St. Patrick's Day Quiz Stats

 Plays Quiz not verified by Sporcle

Score 0/20 Timer 03:00
0 Plays Today
Scrambled Word Unscrambled Word % Correct
LKUCLUCK
98.1%
RGENEGREEN
82.5%
TOP FO LDGOPOT OF GOLD
81.9%
IATNSSAINT
78.8%
AHMRCMARCH
77.5%
AHPRHARP
77.5%
KCMSRHOASHAMROCK
76.9%
SNKEASNAKE
76.3%
RALDNEIIRELAND
73.8%
CIPHNPINCH
73.8%
Scrambled Word Unscrambled Word % Correct
ELUPNHRCAELEPRECHAUN
72.5%
YBLANREBLARNEY
64.4%
AEVLSSLAVE
63.8%
GNDEELLEGEND
51.3%
REEDLMA ELISEMERALD ISLE
45.6%
EENTSENVESEVENTEEN
45%
LNDBUIDUBLIN
44.4%
AWBRNOIRAINBOW
43.1%
RSDPEHEHSHEPHERD
42.5%
NFEROUTFORTUNE
17.5%

You're not logged in!

Compare scores with friends on all Sporcle quizzes.
OR
Log In

Show Comments

Extras

Top Quizzes Today


Score Distribution

Your Account Isn't Verified!

In order to create a playlist on Sporcle, you need to verify the email address you used during registration. Go to your Sporcle Settings to finish the process.

Report this User

Report this user for behavior that violates our Community Guidelines.

Details: